Manchester United Squad 2015-2016 - Statistics

General Stats
  • This quiz has been taken 81 times
  • The average score is 22 of 32
Answer Stats
# Position Nation Player % Correct
9 FW France Anthony Martial
100%
1 GK Spain David de Gea
100%
8 MF Spain Juan Mata
95%
10 FW England Wayne Rooney
95%
17 DF Netherlands Daley Blind
91%
39 FW England Marcus Rashford
91%
4 DF England Phil Jones
91%
25 DF Ecuador Antonio Valencia
89%
20 GK Argentina Sergio Romero
89%
27 MF Belgium Marouane Fellaini
87%
7 FW Netherlands Memphis Depay
87%
5 DF Argentina Marcos Rojo
85%
16 MF England Michael Carrick
84%
21 MF Spain Ander Herrera
82%
12 DF England Chris Smalling
82%
36 DF Italy Matteo Darmian
82%
31 MF Germany Bastian Schweinsteiger
78%
- Coach Netherlands Louis van Gaal
78%
23 DF England Luke Shaw
78%
18 FW England Ashley Young
67%
28 MF France Morgan Schneiderlin
67%
11 FW Belgium Adnan Januzaj
60%
35 FW England Jesse Lingard
60%
44 MF Brazil Andreas Pereira
42%
32 GK Spain Víctor Valdés
38%
30 DF Uruguay Guillermo Varela
27%
33 DF Northern Ireland Patrick McNair
27%
48 FW Ireland Will Keane
25%
19 FW England James Wilson
24%
51 DF Netherlands Timothy Fosu-Mensah
24%
22 MF England Nick Powell
13%
50 GK England Sam Johnstone
13%
No matching quizzes found
Score Distribution
Percent of People with Each Score
Percentile by Number Answered
Your Score History
You have not taken this quiz